[Event "IECC KO email"]
[Site "IECC email"]
[Date "2000.06.23"]
[Round "?"]
[White "Evans, Chris I"]
[Black "Grantz, Olaf"]
[Result "0-1"]
[WhiteElo "1909"]
[BlackElo "2063"]
[PlyCount "106"]
[EventDate "2000.??.??"]
[EventType "tourn (corr)"]
[EventRounds "6"]
[SourceTitle "Corr 2008"]
[Source "ChessBase"]
[SourceDate "2008.06.24"]
[SourceVersion "1"]
[SourceVersionDate "2008.06.24"]
[SourceQuality "1"]

1. e4 d5 2. exd5 Qxd5 3. Nc3 Qa5 4. d4 Nf6 5. Nf3 Bg4 6. h3 Bh5 7. g4 Bg6 8. Ne5 Nbd7 9. Nc4 Qa6 10. Bf4 Qe6+ 11. Ne3 Qb6 12. Nc4 Qe6+ 13. Ne3 Qb6 14. Nb5 Rc8 15. Nc4 Qe6+ 16. Qe2 Qxe2+ 17. Bxe2 c6 18. Nba3 Nd5 19. Bd2 b5 20. Ne3 e6 21. c4 Bxa3 22. bxa3 Nf4 23. cxb5 Nxe2 24. Kxe2 cxb5 25. Rac1 0-0 26. Bb4 Rfe8 27. Rhd1 Be4 28. f3 Bb7 29. h4 h6 30. Bc5 Nxc5 31. dxc5 Re7 32. c6 Bxc6 33. Rc2 g5 34. hxg5 hxg5 35. Rdc1 Rec7 36. Kf2 Kf8 37. Kg3 Ke7 38. f4 gxf4+ 39. Kxf4 f6 40. g5 fxg5+ 41. Kxg5 Kd6 42. Rd2+ Bd5 43. Rxc7 Rxc7 44. a4 b4 45. a5 Rc3 46. Nxd5 exd5 47. Kf4 Ra3 48. Rh2 Kc5 49. Ke5 d4 50. Ke4 d3 51. Rh5+ Kc4 52. Rd5 Rxa2 53. Rd4+ Kb3 0-1

[Event "IECG Q1.2000.0.00107"]
[Site "IECG email"]
[Date "2000.02.22"]
[Round "?"]
[White "Lanin, Boris Aleksandrovic"]
[Black "Evans, Chris I"]
[Result "1/2-1/2"]
[WhiteElo "2047"]
[BlackElo "1950"]
[PlyCount "43"]
[EventDate "2000.03.01"]
[EventType "tourn (corr)"]
[EventRounds "6"]
[SourceTitle "Corr 2008"]
[Source "ChessBase"]
[SourceDate "2008.06.24"]
[SourceVersion "1"]
[SourceVersionDate "2008.06.24"]
[SourceQuality "1"]

1. e4 c5 2. Nf3 d6 3. d4 cxd4 4. Nxd4 Nf6 5. Nc3 a6 6. Be2 e6 7. f4 Qc7 8. Bf3 Be7 9. 0-0 Nc6 10. Kh1 0-0 11. Be3 Na5 12. Qe1 Nc4 13. Bc1 e5 14. fxe5 dxe5 15. Qg3 Rd8 16. Nf5 Bxf5 17. exf5 Nd2 18. Bxd2 Rxd2 19. Rac1 Rad8 20. Ne4 Nxe4 21. Bxe4 Bf6 22. Qf3 1/2-1/2

[Event "IECC CL3-2000.08"]
[Site "IECC email"]
[Date "1999.12.17"]
[Round "?"]
[White "Alejos, Pedro Alejandro"]
[Black "Evans, Chris I"]
[Result "1-0"]
[WhiteElo "1801"]
[BlackElo "1948"]
[PlyCount "69"]
[EventDate "2000.??.??"]
[EventType "tourn (corr)"]
[EventRounds "4"]
[SourceTitle "Corr 2008"]
[Source "ChessBase"]
[SourceDate "2008.06.24"]
[SourceVersion "1"]
[SourceVersionDate "2008.06.24"]
[SourceQuality "1"]

1. Nh3 b6 2. g3 Bb7 3. f3 e5 4. d3 Nf6 5. e4 d5 6. Nc3 Nc6 7. Bg2 dxe4 8. fxe4 Bb4 9. Be3 Qd7 10. Nf2 Nd4 11. a3 Bc5 12. 0-0 0-0 13. Qd2 a5 14. Rae1 Rae8 15. Ncd1 a4 16. Kh1 Qb5 17. Qc1 Qc6 18. Qd2 b5 19. c3 Nb3 20. Qe2 Rd8 21. Bxc5 Nxc5 22. Ne3 Rfe8 23. Rd1 Bc8 24. Nd5 Nxd5 25. exd5 Qb6 26. Qh5 f5 27. Rde1 Bd7 28. Re2 Qd6 29. Rfe1 Nb3 30. Qh4 Rc8 31. g4 f4 32. Qh5 Qf6 33. g5 Qb6 34. d4 g6 35. Qh6 1-0